000 01647nam0a2200337 4500
001 RU\NLR\bibl\1651125
005 20250616033400.0
010 _a978-5-89070-734-5
_9300
021 _aRU
_b2010-40465
_92710
035 _a(NLR Aleph) 001642446
090 _a870567
_c870567
100 _a20100630d2010 |||y0rusy50 ca
101 0 _arus
_aeng
102 _aRU
105 _ay |||||||||
200 1 _aМежкультурные модели делового общения
_eучебное пособие по английскому языку
_fЛ.С. Зникина, Н.Ю. Мамонтова
_gФедер. агентство по образованию, Гос. образоват. учреждение высш. проф. образования "Кузбас. гос. техн. ун-т"
210 _aКемерово
_cКузбасский государственный технический университет
_d2010
215 _a207 с.
_d20
320 _aБиблиогр.: с. 206 (14 назв.)
606 1 _aАнглийский язык
_jУчебные издания для высших учебных заведений
_xМежкультурная коммуникация
_92380102
_3RU\NLR\auth\661420112
686 _aШ143.21-93рус3-70
700 1 _4070
_aЗникина
_bЛ. С.
_gЛюдмила Степановна
_9220025
_3RU\NLR\AUTH\770220081
701 1 _aМамонтова
_bН. Ю.
_gНаталья Юрьевна
_4070
801 0 _aRU
_bNLR
_c20100630
_gRCR
801 1 _aRU
_bNLR
_c20100630
830 _aпо кн.
942 _cBOOK
980 _aNB
980 _aNBR